000 00835nam a2200253 i 4500
001 bg
100 1 _aFryc, Irena.
245 1 0 _aŹródło światła o kształtowanej charakterystyce widmowej /
_cIrena Fryc.
260 _aBiałystok :
_bWydawnictwo Politechniki Białostockiej ;
_c2006.
300 _a121 s. :
_bfot., rys., wykr. ;
_c23 cm.
490 1 _aRozprawy Naukowe / Politechnika Bialostocka,
_x0867-096X ;
_vnr 138
504 _aBibliogr. s. 119-121.
650 9 _aFotometria
650 9 _aKolorymetria
650 9 _aOświetlenie elektryczne
_xbadanie
830 0 _aRozprawy Naukowe - Politechnika Bialostocka,
_x0867-096X ;
_vnr 138
040 _cBPK
041 0 _apol
044 _aPOL
080 _a621.32:535.24:535.6
942 _cKS
008 s pl f |000 0 pol
999 _c54225
_d54225
856 _uhttp://koha.tu.koszalin.pl/cgi-bin/koha/opac-detail.pl?biblionumber=54225
_yKatalog online BPK